000 00457nam a2200169 4500
001 120092
003 ES-MaACL
005 20230906191449.0
007 t|
008 070214n19001999sp r ||||1| spa d
100 1 _aPiñol Agullo, José.
_9218669
245 1 0 _aSalou /
_cpor D. José Piñol Agulló.
260 _aBarcelona :
_bAtlántida,
_c[19__?]
300 _a51 p. :
_bil. ;
_c26 cm.
852 _aES-MaACL
_jC-5567
_bR.26248
999 _c120092
_d120092